[Event "CAN-ch U18"]
[Site "Ottawa"]
[Date "2007.07.03"]
[Round "1"]
[White "Tam, Timothy"]
[Black "Lecquyer, Jason"]
[Result "1-0"]
[WhiteElo "1876"]
[BlackElo "1265"]
[PlyCount "53"]
[EventDate "2007.07.03"]
[EventType "swiss"]
[EventRounds "6"]
[EventCountry "CAN"]
[SourceTitle "EXT 2022"]
[Source "ChessBase"]
[SourceDate "2021.10.06"]
[SourceVersion "1"]
[SourceVersionDate "2021.10.06"]
[SourceQuality "1"]

1. e4 g6 2. d4 Bg7 3. Nf3 d6 4. Bc4 e6 5. 0-0 b6 6. Re1 Bb7 7. c3 Nd7 8. Bg5 Qc8 9. Nbd2 h6 10. Bh4 Ne7 11. Qc2 c5 12. d5 e5 13. Bd3 Rf8 14. Nc4 Qc7 15. a4 a6 16. Nfd2 b5 17. axb5 axb5 18. Rxa8+ Bxa8 19. Na3 Qb7 20. Nxb5 Nc8 21. Ra1 Ncb6 22. Ra7 Qb8 23. Nc7+ Qxc7 24. Rxc7 g5 25. Bg3 c4 26. Nxc4 Nxc4 27. Bxc4 1-0